|
|
|
|
| LEADER |
00000nam a22000007a 4500 |
| 005 |
20140525001419.0 |
| 007 |
cr|||| |||| |
| 008 |
140525s2013 es |||||s|||| 00||0 spa d |
| 020 |
|
|
|a 978-84-9031-635-1
|
| 035 |
|
|
|a 12171
|
| 040 |
|
|
|a vLex
|
| 090 |
|
|
|c 4958
|d 4958
|
| 100 |
1 |
|
|a Gonzl̀ez, Leopoldo Gonzalo y
|
| 245 |
1 |
0 |
|a Sistema impositivo espaǫl estatal, autonm̤ico y local
|h [Recurso electrn̤ico] /
|c Leopoldo Gonzalo y Gonzl̀ez
|
| 256 |
|
|
|a Servicio en ln̕ea
|
| 260 |
|
|
|a Madrid:
|b Dykinson,
|c 2013
|
| 300 |
|
|
|a 1 recurso electrn̤ico
|
| 500 |
|
|
|a La presente edicin̤, actualizada con arreglo a las l︢timas disposiciones legales mediante las que pretende darse respuesta a los problemas planteados por la actual recesin̤ econm̤ica desde la perspectiva fiscal, incorpora, tras cada capt̕ulo, un esquema-resumen de su contenido con el props̤ito de que pueda servir, bien como introduccin̤ sintťica a la estructura particular de cada impuesto integrante del vigente sistema impositivo, bien como recapitulacin̤ de la misma.
|
| 506 |
1 |
|
|a Disponible solo en los productos indicados
|d vLex Global
|d vLex Global (Academic Edition, excluding Law Schools)
|d vLex Global (U.S. Academic Edition, Law Schools)
|d vLex Global (U.S. Academic Edition, excluding Law Schools)
|d vLex Global (Academic Edition, Law Schools)
|
| 650 |
0 |
4 |
|a Financiero
|z Espaą
|
| 740 |
0 |
|
|a vLex Libros (Servicio en ln̕ea)
|
| 856 |
4 |
0 |
|u http://vlex.com/source/sistema-impositivo-espa-ol-estatal-autonomico-y-local-12171
|z Acceso restringido
|
| 942 |
|
|
|c BOOK
|
| 999 |
0 |
|
|a Financial
|